Christian Bale Movies - Statistics

General Stats
  • This quiz has been taken 101 times
    82 since last reset
  • The average score is 12 of 54
Answer Stats
Year Movie % Correct
2008 The Dark Knight
95%
2012 The Dark Knight Rises
93%
2000 American Psycho
87%
2005 Batman Begins
85%
2022 Thor: Love and Thunder
69%
2006 The Prestige
67%
2019 Ford V. Ferrari
62%
2004 The Machinist
59%
2013 American Hustle
54%
2018 Vice
48%
2015 The Big Short
46%
2010 The Fighter
43%
2022 Amsterdam
38%
1987 Empire of the Sun
38%
2002 Equilibrium
25%
1992 Newsies
25%
2022 The Pale Blue Eye
23%
2013 Out of the Furnace
20%
2002 Reign of Fire
20%
2009 Terminator: Salvation
20%
2007 3:10 to Yuma
18%
1994 Little Women
16%
2017 Hostiles
15%
1995 Pocahontas
11%
2009 Public Enemies
11%
2014 Exodus: Gods and Kings
10%
2000 Shaft
10%
1993 Swing Kids
10%
2006 Rescue Dawn
8%
1998 Velvet Goldmine
8%
2007 I'm Not There
7%
2015 Knight of Cups
7%
1997 Metroland
7%
1990 Treasure Island
7%
2005 Harsh Times
5%
2004 Howl's Moving Castle
5%
2002 Laurel Canyon
5%
2018 Mowgli: Legend of the Jungle
5%
2011 The Flowers of War
5%
2005 The New World
5%
1996 The Portrait of a Lady
5%
1998 All the Little Animals
3%
2001 Captain Corelli's Mandolin
3%
1989 Henry V
3%
1999 Mary, Mother of Jesus
3%
1987 Mio in the Land of Faraway
3%
1994 Royal Deceit
3%
1991 A Murder of Quality
2%
2016 The Promise
2%
1996 The Secret Agent
2%
2010 A Backyard Story
0%
1999 A Midsummer's Night Dream
0%
2021 Antlers
0%
TBD The Church of Living Dangerously
0%
No matching quizzes found
Score Distribution
Percent of People with Each Score
Percentile by Number Answered
Your Score History
You have not taken this quiz since the last reset